000 00737nam a22002531 4500
001 35761
003 BD-RjUL
005 20211209052355.0
008 140608s1957 enk 000 0 eng
035 _a(BD-RjUL)35856
035 _a(OCoLC)6927746
040 _aDLC
_cCLolC
_dBD-RjUL
_beng
041 _aeng
082 _a351.1
_bTAS 1957
100 1 _aTaylor, Henry
_d1800-1886
_9108925
245 1 4 _aThe statesman /
_cHenry Taylor, With a new introductory essay by Leo Silberman.
260 _aCambridge :
_bW. Heffer,
_c1957.
300 _alvi, 134 p. ;
_c22 cm.
650 0 _aStatesmen
_9108926
650 0 _aCivil service
_zGreat Britain.
_9108927
942 _2ddc
_cBK
999 _c35761
_d35761